00482nam a22001577a 450000500170000001000150001702000260003203500140005803700090007208200080008110000250008924500420011426000550015627000870021130000260029820220217155203.0 aENG-131660 a9789392311093c460.00 aEN-115192 bDBAD a530 aKiranmai, V. Lakshmi aApplied Physics/cV. Lakshmi Kiranmai aHyderabadbSunRaise International Publishersc2021 a# 326/C, Level-2, Surneni Nilayam Near B K Guda Park, S R NagarbHyderabade500038 axvi, 480p.c24cm(pbk)